[Event "SRB-chT 2nd League West"]
[Site "Kragujevac"]
[Date "2019.10.03"]
[Round "6.1"]
[White "Jovanovic, Bojan V"]
[Black "Muratovic, Efim"]
[Result "0-1"]
[WhiteElo "2279"]
[BlackElo "2398"]
[PlyCount "64"]
[EventDate "2019.09.06"]
[EventType "team-tourn"]
[EventRounds "11"]
[EventCountry "SRB"]
[SourceTitle "EXT 2020"]
[Source "ChessBase"]
[SourceDate "2019.10.17"]
[SourceVersion "1"]
[SourceVersionDate "2019.10.17"]
[SourceQuality "1"]
[WhiteTeam "Smederevo"]
[BlackTeam "Prijepolje Priko"]
[WhiteTeamCountry "SRB"]
[BlackTeamCountry "SRB"]

1. d4 Nf6 2. c4 g6 3. Nc3 d5 4. cxd5 Nxd5 5. e4 Nxc3 6. bxc3 Bg7 7. Bc4 c5 8. Ne2 0-0 9. 0-0 Nc6 10. Be3 Bg4 11. f3 cxd4 12. cxd4 Bd7 13. Rb1 Rc8 14. d5 Ne5 15. Bb5 Bxb5 16. Rxb5 Qd7 17. Qb3 b6 18. Bd4 Qc7 19. Rc1 Nxf3+ 20. gxf3 Bxd4+ 21. Kh1 Qxc1+ 22. Nxc1 Rxc1+ 23. Kg2 Rfc8 24. d6 exd6 25. Qa4 R8c2+ 26. Kh3 Bg1 27. Rd5 Rxh2+ 28. Kg3 Rcc2 29. Qe8+ Kg7 30. Rxd6 Rcg2+ 31. Kf4 Rh4+ 32. Ke5 Rg5# 0-1

[Event "Divcibare Narcis op"]
[Site "Divcibare"]
[Date "2018.10.07"]
[Round "8"]
[White "Jovic, Stevan"]
[Black "Jovanovic, Bojan V"]
[Result "0-1"]
[WhiteElo "2164"]
[BlackElo "2275"]
[PlyCount "52"]
[EventDate "2018.09.30"]
[EventType "swiss"]
[EventRounds "9"]
[EventCountry "SRB"]
[SourceTitle "CBM 187 Extra"]
[Source "ChessBase"]
[SourceDate "2018.11.04"]
[SourceVersion "1"]
[SourceVersionDate "2018.11.04"]
[SourceQuality "1"]

1. d4 Nf6 2. c4 e6 3. Nc3 c5 4. d5 exd5 5. cxd5 d6 6. e4 g6 7. Bb5+ Nfd7 8. Nf3 a6 9. Bxd7+ Nxd7 10. 0-0 f6 11. Be3 Bg7 12. a3 0-0 13. Nd2 Ne5 14. Qe2 f5 15. exf5 Bxf5 16. Nde4 b5 17. f3 Nc4 18. Bg5 Qd7 19. Rae1 Bxe4 20. fxe4 Rae8 21. Rxf8+ Rxf8 22. h3 Nxa3 23. Ra1 Bd4+ 24. Kh1 Rf2 25. Qg4 Qxg4 26. hxg4 b4 0-1

[Event "Divcibare Narcis op"]
[Site "Divcibare"]
[Date "2018.10.05"]
[Round "6"]
[White "Jovanovic, Bojan V"]
[Black "Zakaryan, David"]
[Result "1/2-1/2"]
[WhiteElo "2275"]
[BlackElo "2378"]
[PlyCount "21"]
[EventDate "2018.09.30"]
[EventType "swiss"]
[EventRounds "9"]
[EventCountry "SRB"]
[SourceTitle "CBM 187 Extra"]
[Source "ChessBase"]
[SourceDate "2018.11.04"]
[SourceVersion "1"]
[SourceVersionDate "2018.11.04"]
[SourceQuality "1"]

1. d4 Nf6 2. Nf3 c5 3. c3 e6 4. Bg5 d5 5. Nbd2 Be7 6. e3 0-0 7. Bd3 Nc6 8. 0-0 b6 9. Qe2 Bb7 10. Ba6 Bxa6 11. Qxa6 1/2-1/2

[Event "Divcibare Narcis op"]
[Site "Divcibare"]
[Date "2018.09.30"]
[Round "1"]
[White "Jovanovic, Bojan V"]
[Black "Ivanov, Mikhail M"]
[Result "1/2-1/2"]
[WhiteElo "2275"]
[BlackElo "2367"]
[PlyCount "31"]
[EventDate "2018.09.30"]
[EventType "swiss"]
[EventRounds "9"]
[EventCountry "SRB"]
[SourceTitle "CBM 187 Extra"]
[Source "ChessBase"]
[SourceDate "2018.11.04"]
[SourceVersion "1"]
[SourceVersionDate "2018.11.04"]
[SourceQuality "1"]

1. d4 Nf6 2. Nf3 d5 3. Bf4 c5 4. e3 Nc6 5. Nbd2 cxd4 6. exd4 Bg4 7. c3 e6 8. h3 Bf5 9. Nh4 Bg6 10. Nxg6 hxg6 11. Bd3 Bd6 12. Bxd6 Qxd6 13. 0-0 0-0-0 14. Re1 Kb8 15. Nf3 Rh5 16. Qe2 1/2-1/2

[Event "Divcibare Narcis IM"]
[Site "Divcibare"]
[Date "2018.09.26"]
[Round "4"]
[White "Jovanovic, Bojan V"]
[Black "Andreev, Eduard"]
[Result "1/2-1/2"]
[WhiteElo "2275"]
[BlackElo "2427"]
[PlyCount "21"]
[EventDate "2018.09.23"]
[EventType "tourn"]
[EventRounds "9"]
[EventCountry "SRB"]
[EventCategory "2"]
[SourceTitle "CBM 187 Extra"]
[Source "ChessBase"]
[SourceDate "2018.11.04"]
[SourceVersion "1"]
[SourceVersionDate "2018.11.04"]
[SourceQuality "1"]

1. d4 Nf6 2. Nf3 e6 3. Bf4 c5 4. c3 b6 5. Nbd2 Bb7 6. e3 Be7 7. h3 0-0 8. Bd3 cxd4 9. exd4 d6 10. Qe2 Nbd7 11. 0-0 1/2-1/2

[Event "Divcibare Narcis IM"]
[Site "Divcibare"]
[Date "2018.09.25"]
[Round "3"]
[White "Radlovacki, Jovan"]
[Black "Jovanovic, Bojan V"]
[Result "0-1"]
[WhiteElo "2312"]
[BlackElo "2275"]
[PlyCount "98"]
[EventDate "2018.09.23"]
[EventType "tourn"]
[EventRounds "9"]
[EventCountry "SRB"]
[EventCategory "2"]
[SourceTitle "CBM 187 Extra"]
[Source "ChessBase"]
[SourceDate "2018.11.04"]
[SourceVersion "1"]
[SourceVersionDate "2018.11.04"]
[SourceQuality "1"]

1. e4 d6 2. d4 Nf6 3. Nc3 c6 4. Be3 g6 5. f3 d5 6. Bd3 dxe4 7. fxe4 Ng4 8. Qd2 h5 9. Nf3 Nxe3 10. Qxe3 Qb6 11. Rb1 Bg7 12. 0-0 e5 13. Ne2 exd4 14. Nexd4 Bg4 15. c3 Nd7 16. b4 Bxf3 17. Rxf3 Ne5 18. Rff1 Ng4 19. Qf4 Bxd4+ 20. cxd4 Qxd4+ 21. Kh1 0-0 22. Be2 Qe5 23. Bxg4 Qxf4 24. Rxf4 hxg4 25. Rxg4 Rad8 26. h4 Rfe8 27. h5 Re6 28. hxg6 fxg6 29. Rb3 Rd4 30. Rbg3 Kg7 31. e5 Rxg4 32. Rxg4 Rxe5 33. a4 Kf6 34. Kg1 Kf5 35. Rg3 Re1+ 36. Kf2 Rb1 37. Rf3+ Ke5 38. Re3+ Kd5 39. Rd3+ Kc4 40. Rd6 Kxb4 41. Rxg6 Kxa4 42. g4 c5 43. g5 c4 44. Rg7 Rb5 45. Ke3 c3 46. Kd3 Kb3 47. Rc7 Rd5+ 48. Ke3 b5 49. g6 Rg5 0-1

[Event "SRB-chT Central"]
[Site "Kragujevac"]
[Date "2018.09.18"]
[Round "7.4"]
[White "Mijailovic, Zoran"]
[Black "Jovanovic, Bojan V"]
[Result "1/2-1/2"]
[WhiteElo "2400"]
[BlackElo "2275"]
[PlyCount "114"]
[EventDate "2018.09.14"]
[EventType "team-tourn"]
[EventRounds "11"]
[EventCountry "SRB"]
[SourceTitle "CBM 186 Extra"]
[Source "ChessBase"]
[SourceDate "2018.08.24"]
[SourceVersion "1"]
[SourceVersionDate "2018.08.24"]
[SourceQuality "1"]
[WhiteTeam "Lucani Mladost"]
[BlackTeam "Pirot Progres"]
[WhiteTeamCountry "SRB"]
[BlackTeamCountry "SRB"]

1. d4 g6 2. e4 Bg7 3. c4 d6 4. Nc3 e5 5. Nf3 Bg4 6. d5 Bxf3 7. Qxf3 Nd7 8. h4 h5 9. g3 Bh6 10. Bh3 Bxc1 11. Rxc1 a5 12. Na4 Nc5 13. Nxc5 dxc5 14. Qe3 Qe7 15. f4 Nf6 16. 0-0 0-0 17. f5 Kg7 18. Rc2 Ra6 19. Rcf2 Nh7 20. fxg6 fxg6 21. Be6 Rxf2 22. Rxf2 Nf6 23. Qg5 Rxe6 24. dxe6 Qxe6 25. Rf1 Qd6 26. Qe3 Qd4 27. Qxd4 cxd4 28. Re1 c5 29. Kf2 Kf7 30. Kf3 Ke6 31. Rd1 Kd6 32. Rb1 Ng4 33. Ke2 Ne3 34. Kd3 Kc6 35. Re1 b5 36. b3 b4 37. Re2 Ng4 38. a3 bxa3 39. Ra2 Kb6 40. Ke2 Ka6 41. Rxa3 Kb6 42. Ra1 Ne3 43. Kd3 Ka6 44. Ra2 Ng4 45. Rd2 Kb6 46. Rc2 Kc6 47. Ke2 Kb6 48. Rc1 Ne3 49. Ra1 Ka6 50. Rh1 Kb6 51. Kd3 Kc6 52. Re1 Kb6 53. Ra1 Ka6 54. Rh1 Kb6 55. g4 hxg4 56. h5 gxh5 57. Rxh5 g3 1/2-1/2

[Event "SRB-chT2 West"]
[Site "Arandjelovac"]
[Date "2018.09.07"]
[Round "1.2"]
[White "Tomic, Aleksandar1111"]
[Black "Jovanovic, Bojan V"]
[Result "0-1"]
[WhiteElo "2293"]
[BlackElo "2277"]
[PlyCount "110"]
[EventDate "2018.09.07"]
[EventType "team-tourn"]
[EventRounds "11"]
[EventCountry "SRB"]
[SourceTitle "EXT 2021"]
[Source "ChessBase"]
[SourceDate "2020.10.23"]
[SourceVersion "1"]
[SourceVersionDate "2020.10.23"]
[SourceQuality "1"]
[WhiteTeam "Arandjelovac"]
[BlackTeam "Smederevo"]
[WhiteTeamCountry "SRB"]
[BlackTeamCountry "SRB"]

1. d4 e6 2. Nf3 Nf6 3. Bf4 b6 4. e3 Bb7 5. Bd3 Be7 6. h3 0-0 7. 0-0 Ne4 8. c4 f5 9. Bh2 Bf6 10. Nc3 Nxc3 11. bxc3 Nc6 12. c5 Ne7 13. Rb1 Ng6 14. a4 Bc6 15. Bb5 Be4 16. cxb6 axb6 17. Ra1 Nh4 18. Ne1 Ra5 19. f3 Bb7 20. Nd3 c6 21. Bc4 d5 22. Bb3 Ba6 23. Re1 Bxd3 24. Qxd3 Qe8 25. e4 Qg6 26. Re2 fxe4 27. fxe4 Ra7 28. Qg3 Bg5 29. Bc2 Qh6 30. Qd3 Raf7 31. Bd6 Rd8 32. Bg3 dxe4 33. Rxe4 Nf5 34. Rae1 Nxg3 35. Qxg3 Rdf8 36. Bb3 Kh8 37. Rxe6 Bh4 38. Qg4 Bf2+ 39. Kh1 g6 40. Rd1 Rf4 41. Qe2 Bg3 42. Bc4 Rf2 43. Qe3 Qh4 44. Re8 Kg7 45. Re7+ Kh8 46. Re8 Kg7 47. Re7+ Kh8 48. Re8 Kg7 49. Qe6 Qg5 50. Rxf8 Rxf8 51. Qxc6 Bb8 52. Qd7+ Kh8 53. Qg4 Qe3 54. Bd3 Qxd3 55. Rg1 Qxc3 0-1

[Event "SRB-chT2 West CS"]
[Site "Serbia"]
[Date "2012.09.15"]
[Round "3.5"]
[White "Tojagic, Dane"]
[Black "Jovanovic, Bojan V"]
[Result "1/2-1/2"]
[WhiteElo "2289"]
[BlackElo "2272"]
[PlyCount "85"]
[EventDate "2012.09.14"]
[EventType "team"]
[EventRounds "10"]
[EventCountry "SRB"]
[SourceTitle "EXT 2015"]
[Source "ChessBase"]
[SourceDate "2014.11.20"]
[SourceVersion "1"]
[SourceVersionDate "2014.11.20"]
[SourceQuality "1"]

1. d4 Nf6 2. c4 e6 3. g3 Bb4+ 4. Bd2 Qe7 5. Nf3 Nc6 6. Bg2 Bxd2+ 7. Nbxd2 0-0 8. 0-0 d6 9. e4 e5 10. d5 Nb8 11. Ne1 a5 12. Nd3 Na6 13. h3 c6 14. f4 exf4 15. gxf4 cxd5 16. cxd5 Nd7 17. Nc4 Nac5 18. Nxc5 Nxc5 19. Qd4 Nd7 20. e5 dxe5 21. fxe5 b5 22. d6 Qg5 23. h4 Qg6 24. Kh2 Ra6 25. Ne3 Qe6 26. Rf5 Nb6 27. Raf1 Qxa2 28. Rg5 Qa4 29. Rf4 Qxd4 30. Rxd4 Bd7 31. Bh3 f6 32. exf6 Rxf6 33. Bxd7 Nxd7 34. Rxb5 Rfxd6 35. Rxd6 Rxd6 36. Nf5 Rb6 37. Rxa5 Rxb2+ 38. Kg3 g6 39. Ra7 Rd2 40. Ra8+ Kf7 41. Nh6+ Kg7 42. Ng4 h5 43. Ne3 1/2-1/2

[Event "SRB-chT2 West"]
[Site "Serbia"]
[Date "2006.10.07"]
[Round "5.2"]
[White "Avramovic, Zoran"]
[Black "Jovanovic, Bojan V"]
[Result "1-0"]
[WhiteElo "2227"]
[BlackElo "2296"]
[PlyCount "80"]
[EventDate "2006.09.09"]
[EventType "team"]
[EventRounds "11"]
[EventCountry "SRB"]
[SourceTitle "EXT 2012"]
[Source "ChessBase"]
[SourceDate "2011.11.24"]
[SourceVersion "1"]
[SourceVersionDate "2011.11.24"]
[SourceQuality "1"]

1. e4 e6 2. d4 d5 3. exd5 exd5 4. Bd3 Nf6 5. h3 Bd6 6. Qf3 c5 7. dxc5 Bxc5 8. Bg5 Be7 9. Nc3 Be6 10. Nge2 Nc6 11. Nf4 Nd4 12. Qe3 Bc5 13. Bxf6 Qxf6 14. Nfxd5 Qd8 15. Qe4 Kf8 16. g4 Bxd5 17. Qxd5 Qe7+ 18. Kd1 Rd8 19. Re1 Rxd5 20. Rxe7 Kxe7 21. Nxd5+ Kd6 22. Ne3 h5 23. c3 Ne6 24. Nf5+ Ke5 25. Kc2 Bxf2 26. Rf1 Bb6 27. Re1+ Kf4 28. Rf1+ Ke5 29. Re1+ Kf4 30. Nd6 hxg4 31. Nxf7 Rxh3 32. Rxe6 g3 33. Re4+ Kf3 34. Ng5+ Kg2 35. Nxh3 Kxh3 36. Bf1+ g2 37. Bxg2+ Kxg2 38. Rg4+ Kf3 39. Rxg7 Ke4 40. Rxb7 Kd5 1-0